| 000 | 01671cam a2200373 a 4500 | ||
|---|---|---|---|
| 001 | 3198 | ||
| 003 | FISKH | ||
| 005 | 20240219095236.0 | ||
| 008 | 080915s2009 nyuab j b 001 0 eng | ||
| 010 | _a 2008040500 | ||
| 020 | _a9780545130493 (reinforced) : | ||
| 020 | _a0545130492 (reinforced) : | ||
| 020 | _a9780545321136 | ||
| 035 | _a(OCoLC)ocn253639286 | ||
| 040 |
_aDLC _cDLC _dBTCTA _dLIQ _dCLE _dXY4 _dUPZ _dTEF _dVP@ _dOUP _dEHH _dCDX _dDLC _beng |
||
| 042 | _alcac | ||
| 043 | _aew----- | ||
| 050 | _a940.421 | ||
| 082 | _aD530.M87 | ||
| 100 | 1 |
_aMurphy, Jim, _d1947- |
|
| 245 | 1 | 0 |
_aTruce : _bthe day the soldiers stopped fighting / _cJim Murphy |
| 260 |
_aNew York : _bScholastic, _c2009. |
||
| 300 |
_a116 pages : _billustrations , maps ; _c26 cm. |
||
| 505 | 0 | _aThose stupid kings and emperors -- Things were beginning to look unpleasant -- All attacks are to be pushed to the extreme -- There is no longer any sense in this business -- It was a sight one will never see again -- The lull is finished -- Epilogue. | |
| 520 | _aDescribes the Christmas truce that occurred along Western Front trenches in 1914 and features quotations from young men on both sides, a timeline, and additional source material. | ||
| 650 | 0 |
_aChristmas Truce, 1914 _vJuvenile literature. |
|
| 650 | 0 |
_aWorld War, 1914-1918 _xCampaigns _zWestern Front _vJuvenile literature. |
|
| 650 | 0 |
_aWorld War, 1914-1918 _xArmistices _vJuvenile literature. |
|
| 650 | 1 | _aChristmas Truce, 1914. | |
| 650 | 1 |
_aWorld War, 1914-1918 _xCampaigns _zWestern Front. |
|
| 650 | 1 |
_aWorld War, 1914-1918 _xArmistices. |
|
| 906 |
_a7 _bcbc _corignew _d1 _eecip _f20 _gy-gencatlg |
||
| 942 |
_2ddc _cBK _n0 |
||
| 999 |
_c3198 _d3198 |
||